000 00365nam a2200157Ia 4500
001 17068
003 IN-NITTTR
005 20251114233201.0
008 251113s9999||||xx |||||||||||||| ||eng||
040 _beng
040 _cIN-NITTTR
041 _aeng
082 _a005.133 G918F
245 0 _aFundamental computer programming using Fortran 77 /
942 _2ddc
_cBK
999 _c19702
_d19702